| 000 | 00843cab a2200361 4500 | ||
|---|---|---|---|
| 001 | ABS47818 | ||
| 008 | 090401t1993 xxu||||| |||| 00| 0 eng d | ||
| 035 | _a(Sirsi) u63505 | ||
| 041 | _aeng | ||
| 245 | _aKent | ||
| 260 | _c1993 | ||
| 350 | _a0 | ||
| 490 |
_aEstates Times _v(1174) 29 January 1993, 9-24 (14) |
||
| 650 | _aASHFORD | ||
| 650 | _aBRANDS HATCH | ||
| 650 | _aBROMLEY | ||
| 650 | _aCHANNEL TUNNEL | ||
| 650 | _aCHATHAM | ||
| 650 | _aDARTFORD | ||
| 650 | _aGRAVESEND | ||
| 650 | _aISLE OF THANET | ||
| 650 | _aKENT | ||
| 650 | _aM20 | ||
| 650 | _aMAIDSTONE | ||
| 650 | _aROCHESTER | ||
| 650 | _aSEVENOAKS | ||
| 650 | _aSWALE PROJECT | ||
| 650 | _aTRANSPORT | ||
| 650 | _aTUNBRIDGE WELLS | ||
| 690 | _aPROPERTY-COMMERCIAL PROPERTY-COMMERCIAL PROPERTY MARKET | ||
| 942 | _n0 | ||
| 948 | _c04/03/1997 | ||
| 999 |
_c39469 _d39469 |
||